| Tag |
First Indicator |
Second Indicator |
Subfields |
| LEADER |
00000cam a2200000 4500 |
| 001 |
in00000059634 |
| 005 |
20151008050510.0 |
| 008 |
731023s1960 nju b 00000 eng c |
| 010 |
|
|
|a 60005742
|
| 020 |
|
|
|a 0837122864
|
| 035 |
|
|
|a (OCoLC)00721996
|
| 035 |
|
|
|9 AAG1411AM
|
| 040 |
|
|
|a Cleveland St Univ Lib
|c DLC
|d TXA
|d UtOrBLW
|
| 049 |
|
|
|a TXAM
|c [318732]
|
| 050 |
|
0 |
|a HG538
|b .B74
|
| 082 |
0 |
|
|a 332.4/13/0973
|
| 092 |
|
|
|a 332.413
|b B786w
|
| 100 |
1 |
|
|a Bowen, William G.
|
| 245 |
1 |
4 |
|a The wage-price issue ;
|b a theoretical analysis.
|
| 264 |
|
1 |
|a Princeton, N. J. :
|b Princeton University Press,
|c 1960.
|
| 300 |
|
|
|a 447 pages :
|b illustrations ;
|c 23 cm.
|
| 336 |
|
|
|a text
|b txt
|2 rdacontent
|
| 337 |
|
|
|a unmediated
|b n
|2 rdamedia
|
| 338 |
|
|
|a volume
|b nc
|2 rdacarrier
|
| 500 |
|
|
|a "A project of the Industrial Relations Section, Princeton University."
|
| 504 |
|
|
|a Includes bibliography.
|
| 650 |
|
0 |
|a Inflation (Finance)
|z United States.
|
| 650 |
|
0 |
|a Prices
|z United States.
|
| 650 |
|
0 |
|a Wages
|z United States.
|
| 710 |
2 |
|
|a Princeton University.
|b Industrial Relations Section.
|
| 999 |
|
|
|a MARS
|
| 999 |
f |
f |
|s 4b2bbe09-1ab9-3f8e-8210-589a55d688d9
|i 0499d8d3-b883-31eb-aa97-55b64e4e2cdf
|t 0
|
| 952 |
f |
f |
|p ric
|a Texas A&M University
|b Rellis Campus
|c Joint Library Facility
|d Remote Storage
|t 0
|e HG538 .B74
|h Library of Congress classification
|i unmediated -- volume
|m A14800733422
|
| 998 |
f |
f |
|a HG538 .B74
|t 0
|l Remote Storage
|